000 00580nam a2200169 i 4500
001 146946
003 ES-MaACL
005 20230906201737.0
007 t|
008 070919s1911 gw ||||1| ger d
100 1 _aChrétien de Troyes.
_938642
245 1 0 _aWilhelm von England (Guillaume D'Anglaterre)
_b: ein Abenteuerroman /
_cvon Chrétien de Troyes ; textausgabe mit Einleitung herausgegeben von Wendelin Foerster.
260 _aHalle :
_bMax Niemeyer,
_c1911.
300 _aXXXV, 92 p. ;
_c19 cm.
700 1 _aFoerster, Wendelin.
_951405
852 _aES-MaACL
_jG-13870
999 _c146946
_d146946